India's Story of Triumph Over Polio/ (Record no. 202855)

MARC details
000 -LEADER
fixed length control field 00499 a2200181 4500
005 - DATE AND TIME OF LATEST TRANSACTION
control field 20240515113212.0
010 ## - LCCN (DPL NO)
LC control number B-759036-39
020 ## - INTERNATIONAL STANDARD BOOK NUMBER
Terms of availability 0.00
035 ## - SYSTEM CONTROL NUMBER
System control number B-759036-39
037 ## - SOURCE OF ACQUISITION
Source of stock number/acquisition Gift/Unesco
082 ## - DEWEY DECIMAL CLASSIFICATION NUMBER
Classification number 614.5492
245 ## - TITLE STATEMENT
Title India's Story of Triumph Over Polio/
Statement of responsibility, etc UNICEF
260 ## - PUBLICATION, DISTRIBUTION, ETC. (IMPRINT)
Place of publication, distribution, etc New Delhi
Name of publisher, distributor, etc UNICEF
Date of publication, distribution, etc 2014
270 ## - ADDRESS
City New Delhi
300 ## - PHYSICAL DESCRIPTION
Extent 201 p.
Dimensions 28cm (Hb)
942 ## - ADDED ENTRY ELEMENTS (KOHA)
Institution code [OBSOLETE] dpl
Item type English Books
Source of classification or shelving scheme Dewey Decimal Classification
Classification part 614.5492
Call number suffix IND
Holdings
Withdrawn status Lost status Not for loan Collection code Home library Current library Date acquired Source of acquisition Cost, normal purchase price Full call number Barcode Copy number Cost, replacement price Koha item type Public note
      Non-fiction Ashok Vihar Ashok Vihar 15/05/2024 Gift/10.5.24 0.00 614.5492 IND B-759037 1 0.00 English Books Gift
      Non-fiction Central Library Central Library 15/05/2024 Gift/10.5.24 0.00 614.5492 IND B-759036 1 0.00 English Books Gift
      Non-fiction Patel Nagar Patel Nagar 15/05/2024 Gift/10.5.24 0.00 614.5492 IND B-759038 1 0.00 English Books Gift
      Non-fiction Sarojini Nagar Sarojini Nagar 15/05/2024 Gift/10.5.24 0.00 614.5492 IND B-759039 1 0.00 English Books Gift

© Delhi Public Library
Hit Counter
free hit counter